000 00935nam a2200277 4500
001 22464
003 BD-RjUL
005 20211209000817.0
008 140308s1978 ii b b 00110 eng
020 _a0706906616
035 _a(BD-RjUL)22529
040 _aDLC
_beng
_cDLC
_dBD-RjUL
041 _aeng
082 0 0 _a892.709
_bFAH 1978
100 1 _aFariq, Khurshid Ahmad,
_d1920-
_969376
245 1 0 _aHistory of Arabic literature (Umayyad period) /
_cK. A. Fariq.
260 _aDelhi :
_bVikas Publications,
_cc1978.
300 _a104 p. ;
_c25 cm.
500 _aAt head of title: Indian Institute of Islamic Studies.
504 _aIncludes bibliographical references and index.
650 0 _aArabic literature
_yTo 622
_xHistory and criticism.
_969377
650 0 _aArabic literature
_y622-750
_xHistory and criticism.
_969378
710 2 0 _aIndian Institute of Islamic Studies.
_969379
942 _2ddc
_cBK
999 _c22464
_d22464